Recursos humanos calificados en población y necesidades en planificación y formulación de políticas: caso Bolivia /

Sábháilte in:
Sonraí bibleagrafaíochta
Príomhchruthaitheoir: Carafa R, Carlos
Rannpháirtithe: Pereira M, René
Formáid: Téacs
Foilsithe / Cruthaithe: San José: PROLAP. CELADE
Clibeanna: Cuir clib leis
Níl clibeanna ann, Bí ar an gcéad duine le clib a chur leis an taifead seo!

MARC

LEADER 00000 a a2200000 04500
001 21872
003
040
090 |a 025800  
100 |a Carafa R, Carlos  
245 |a Recursos humanos calificados en población y necesidades en planificación y formulación de políticas: caso Bolivia /  |c Carlos Carafa R 
260 |a San José:   |b PROLAP. CELADE  
300 |a 19 p.  
700 |a Pereira M, René  
999 |c 16718  |d 16718